Nature et formes de la sympathie (Record no. 139569)

MARC details
000 -LEADER
campo de control de longitud fija 00689nam a2200193 i 4500
001 - NÚMERO DE CONTROL
campo de control 139569
003 - IDENTIFICADOR DE NÚMERO DE CONTROL
campo de control ES-MaACL
005 - FECHA Y HORA DE LA ÚLTIMA TRANSACCIÓN
campo de control 20250901041014.0
007 - CAMPO FIJO DE DESCRIPCIÓN FÍSICA--INFORMACIÓN GENERAL
campo de control de longitud fija t|
008 - DATOS DE LONGITUD FIJA--INFORMACIÓN GENERAL
campo de control de longitud fija 070214s1928 fr |||| | fre d
100 1# - ENTRADA PRINCIPAL--NOMBRE DE PERSONA
Nombre de persona Scheler, Max.
9 (RLIN) 104283
245 10 - MENCIÓN DEL TÍTULO
Título Nature et formes de la sympathie
Resto del título : contribution áa l'étude des lois de la vie émotionnelle /
Mención de responsabilidad, etc. Max Scheler ; traduit de l'allemand par M. Lefebvre.
260 ## - PUBLICACIÓN, DISTRIBUCIÓN, ETC.
Lugar de publicación, distribución, etc. Paris :
Nombre del editor, distribuidor, etc. Payot,
Fecha de publicación, distribución, etc. 1928 (
Lugar de fabricación/manufactura Vannes :
Fabricante Imp. Lafolye et J. de Lamarzelle)
300 ## - DESCRIPCIÓN FÍSICA
Extensión 384 p. ;
Dimensiones 23 cm.
650 #7 - PUNTO DE ACCESO ADICIONAL DE MATERIA--TÉRMINO DE MATERIA
Término de materia o nombre geográfico como elemento de entrada Emociones y sentimientos
Fuente del encabezamiento o término embne
9 (RLIN) 12196
700 1# - ENTRADA AGREGADA--NOMBRE PERSONAL
Nombre de persona Lefebvre, M.
9 (RLIN) 71227
852 ## - LOCALIZACIÓN
Ubicación ES-MaACL
Número de control de estantería F-12530
Holdings
Estatus retirado Estado de pérdida Estado de daño No para préstamo Biblioteca de origen Biblioteca actual Ubicación en estantería Fecha de adquisición Fuente de adquisición Total de préstamos Signatura topográfica completa Código de barras Visto por última vez Precio de reemplazo Tipo de ítem Koha
        Biblioteca del Ateneo de Madrid Biblioteca del Ateneo de Madrid Sala Pecera Planta 2 17/01/2008     F-12530 1145243 23/02/2023 23/02/2023 Libro impreso